000 00502nam a2200205Ia 4500
003 OSt
005 20140404082450.0
008 140130s9999 xx 000 0 und d
020 _a0439216222
050 _aPZ 7
_b.N775115Ial 2002
100 _aNorac, Carl
_930919
245 _cNorac, Carl
_aI love to cuddle /
260 _bScholastic,
_c1998.
_aU.S.A :
300 _a23 p. :
_bcol. ill. ;
_c18 cm.
440 _v1
_930920
521 _aG2
526 _c320
942 _cBK
_2lcc
999 _c40149
_d40149